Vilanova del Camí
Descripción Física:
51 p., il. col. ; 21 cm
Materias:
Vilanova del Camí
MARC
| LEADER | 00000nam a2200000Ia 4500 | ||
|---|---|---|---|
| 001 | 17046 | ||
| 008 | 160829s1999 xx 000 0 cat d | ||
| 080 | |a M.5-114 | ||
| 245 | |a Vilanova del Camí | ||
| 260 | |a Vilanova del Camí : |b Ajuntament, |c 1999 | ||
| 300 | |a 51 p., il. col. ; |c 21 cm | ||
| 651 | 0 | |a Vilanova del Camí |9 50953 | |
| 901 | |a Arxiu | ||
| 942 | |n 1 | ||
| 952 | |0 0 |1 0 |4 0 |6 M5114 |7 1 |9 42123 |a Arxiu |b Arxiu |d 2016-12-01 |l 0 |o M.5-114 |p 17046 |r 2016-12-01 00:00:00 |w 2016-12-01 |y ARXIU | ||
| 999 | |c 44570 |d 44570 | ||